Т. 2 : Электротехнические изделия и устройства; Электротехнический справочник

Detalhes bibliográficos
Parent link:Электротехнический справочник: в 4 т./ под ред. В. Г. Герасимова; А. Ф. Дьякова; Н. Ф. Ильинского. Т. 2 : Электротехнические изделия и устройства.— 8-е изд., испр. и доп..— , 1995-.— 5-7046-0099-9
Idioma:russo
Publicado em: 1998
Assuntos:
Formato: Livro
KOHA link:https://koha.lib.tpu.ru/cgi-bin/koha/opac-detail.pl?biblionumber=10763

MARC

LEADER 00000nam2a2200000 4500
001 10763
005 20231101204733.0
010 |a 5704601596 
035 |a (RuTPU)RU\TPU\book\10827 
035 |a BOOK00010893 
090 |a 10763 
100 |a 20011209d1998 k y0rusy50 ca 
101 0 |a rus 
102 |a RU 
105 |a y z 000zy 
200 0 |a Т. 2 : Электротехнические изделия и устройства 
210 |d 1998 
215 |a 518 с. 
461 1 |0 (RuTPU)RU\TPU\book\62728  |y 5-7046-0099-9  |t Электротехнический справочник  |o в 4 т.  |f под ред. В. Г. Герасимова; А. Ф. Дьякова; Н. Ф. Ильинского  |v Т. 2 : Электротехнические изделия и устройства  |e 8-е изд., испр. и доп.  |d 1995- 
606 1 |a Электротехника общая  |2 stltpush  |3 (RuTPU)RU\TPU\subj\20906  |9 45967 
610 1 |a электротехника 
610 1 |a справочники 
610 1 |a электротехнические изделия 
610 1 |a электротехнические устройства 
675 |a 621.3(03)  |v 3 
801 0 |a RU  |b 63413507  |c 20011209  |g PSBO 
801 2 |a RU  |b 63413507  |c 20201006  |g PSBO 
900 |a Электротехника 
900 |a Электротехника и электроника 
942 |c BK